Reglamento para las escuelas gratuitas de niñas educandas establecidas en los Conventos de Religiosas de la Puebla de los Angeles / dispuesto por el Illmo. Señor Doctor Don Antonio Joaquin Perez Martinez obispo de la misma diócesis del Consejo de S. M.

Detalles Bibliográficos
Autor principal: Pérez Martínez, Antonio Joaquín, ob. de Puebla, 1763-1829
Formato: Libro
Lenguaje:Spanish
Publicado: Puebla : oficina de Don Pedro de la Rosa, 1818.
Colección:Banco de datos
Acervo:Biblioteca Félix de Jesús Rougier de los Misioneros del Espíritu Santo. Fondo Antiguo
Descripción Física:14 p. ; 4°
Notas:Portada tipográfica con pleca en grabado xilográfica. Texto a renglón seguido. Incluye cabecera de título en grabado xilográfico. Incluye capitular en grabado xilográfico
LEADER 00936nam a22001570004500
035 |a 1447 
041 0 |a spa 
100 1 |a Pérez Martínez, Antonio Joaquín, ob. de Puebla, 1763-1829  
245 1 0 |a Reglamento para las escuelas gratuitas de niñas educandas establecidas en los Conventos de Religiosas de la Puebla de los Angeles / dispuesto por el Illmo. Señor Doctor Don Antonio Joaquin Perez Martinez obispo de la misma diócesis del Consejo de S. M. 
260 |a Puebla : oficina de Don Pedro de la Rosa, 1818. 
300 |a 14 p. ; 4° 
500 |a Portada tipográfica con pleca en grabado xilográfica. Texto a renglón seguido. Incluye cabecera de título en grabado xilográfico. Incluye capitular en grabado xilográfico 
949 |a Biblioteca Félix de Jesús Rougier, Fondo Antiguo 2678-D 
942 |c ROUGIER 
943 |g Biblioteca Félix de Jesús Rougier de los Misioneros del Espíritu Santo. Fondo Antiguo 
999 |c 946466  |d 946466